000 00680nam a2200205Ii 4500
003 JO-AjNU
008 230605s9999||||xx |||||||||||||| ||und||
017 _a2006/6/1548
040 _aJO-AjNU
_bara
_erda
_cJO-AjNU
041 _aara
050 1 4 _aPN1655.B37 2006
100 3 _aالبشتاوي، يحيى,
_eauthor
_912008
245 0 0 _aأزمة الإنسان في الأدب المعاصر
264 3 1 _aإربد: دار الكندي للنشر، 2006
300 _a303ص
336 _atext
_btxt
_2rdacontent
337 _aunmediated
_bn
_2rdamedia
338 _avolume
_bnc
_2rdacarrier
650 4 _aالأدب العربي - فلسفة - الإنسان - الفكر
_912009
999 _aA2616
_c6184
_d6184